000 00680nam a2200253Ia 4500
003 OSt
005 20221005083809.0
006 a|||||r|||| 00| 0
007 ta
008 221004b |||||||| |||| 00| 0 eng d
024 _a20913
037 _bGift, 07/07/2015,
_cTextual
040 _aCRL
_cCRL
_beng
041 _2eng
_aeng
082 _aZ:(P111:4k), P4
100 _aAiyar's P. Ramanatha
_9612822
245 0 _aLaw lexicon
250 _a2nd
260 _aNew Delhi
_bWadhwa & Co. India
_c2004
300 _a1999p.
_ccm.
650 _aLAW
942 _hZ:(P111:4k), P4
_cTEXL
_2cc
999 _c991544
_d991544